Getting it together (Record no. 102702)

MARC details
000 -LEADER
fixed length control field 01203cam a2200289 4500
008 - FIXED-LENGTH DATA ELEMENTS--GENERAL INFORMATION
fixed length control field 030319n2003 000 0 eng u
020 ## - INTERNATIONAL STANDARD BOOK NUMBER
International Standard Book Number 184219142X
035 ## - SYSTEM CONTROL NUMBER
System control number (Sirsi) u121674
041 0# - LANGUAGE CODE
Language code of text/sound track or separate title eng
050 03 - LIBRARY OF CONGRESS CALL NUMBER
Classification number 526.9 $2 18
100 1# - MAIN ENTRY--PERSONAL NAME
Personal name Waters, Robin
245 00 - TITLE STATEMENT
Title Getting it together
Remainder of title the geography jigsaw
-- sustainable partnerships
-- people, places and information
260 ## - PUBLICATION, DISTRIBUTION, ETC.
Place of publication, distribution, etc. London
Name of publisher, distributor, etc. RICS
Date of publication, distribution, etc. 2003
300 ## - PHYSICAL DESCRIPTION
Extent 20p.
Dimensions 30cm.
490 #0 - SERIES STATEMENT
Series statement RICS Geomatics Faculty Research Report
520 ## - SUMMARY, ETC.
Summary, etc. Argues that although aid is given to major development projects in developing countries insufficient funding is being made available to meet the mapping needs of those nations. The report highlights the sources of support available and suggests ways that aid for mapping infrastructure can be enhanced.
650 ## - SUBJECT ADDED ENTRY--TOPICAL TERM
Topical term or geographic name entry element GEOMATICS
650 ## - SUBJECT ADDED ENTRY--TOPICAL TERM
Topical term or geographic name entry element MAPPING
650 ## - SUBJECT ADDED ENTRY--TOPICAL TERM
Topical term or geographic name entry element SPATIAL DATA INFRASTRUCTURE
651 #4 - SUBJECT ADDED ENTRY--GEOGRAPHIC NAME
Geographic name International
690 ## - LOCAL SUBJECT ADDED ENTRY--TOPICAL TERM (OCLC, RLIN)
Topical term or geographic name as entry element Geomatics
9 (RLIN) 6242
700 1# - ADDED ENTRY--PERSONAL NAME
Personal name Woodsford, Peter
700 1# - ADDED ENTRY--PERSONAL NAME
Personal name Hopkins, Rosemary
710 2# - ADDED ENTRY--CORPORATE NAME
Corporate name or jurisdiction name as entry element Royal Institution of Chartered Surveyors
Subordinate unit Foundation
9 (RLIN) 4173
710 2# - ADDED ENTRY--CORPORATE NAME
Corporate name or jurisdiction name as entry element Royal Institution of Chartered Surveyors
Subordinate unit Geomatics Faculty
9 (RLIN) 4352
942 ## - ADDED ENTRY ELEMENTS (KOHA)
Suppress in OPAC 0
Source of classification or shelving scheme Dewey Decimal Classification
Holdings
Withdrawn status Lost status Source of classification or shelving scheme Damaged status Not for loan Home library Current library Shelving location Date acquired Total Checkouts Full call number Barcode Date last seen Copy number Price effective from Koha item type
    Dewey Decimal Classification     London London RICS Boxes 30/05/2003   RICS 2003/21 30067236 06/08/2019 1 06/08/2019 Archive
    Dewey Decimal Classification     London London RICS Boxes 30/05/2003   RICS 2003/21 30067237 06/08/2019 2 06/08/2019 Reference material
    Dewey Decimal Classification     London London RICS Boxes 30/05/2003   RICS 2003/21 30067238 06/08/2019 3 06/08/2019 Book